|
|
|
|
| LEADER |
01740nam a2200325 a 4500 |
| 001 |
583 |
| 003 |
BD-DhAAL |
| 005 |
20231002114436.0 |
| 008 |
151003r19931988bg b 001 0 eng d |
| 010 |
|
|
|a 88902551
|
| 020 |
|
|
|a 9840512137
|
| 040 |
|
|
|a DLC
|c DLC
|d DLC
|d BD-DhAAL
|
| 050 |
0 |
0 |
|a HD6190.6
|b .K459 1988
|
| 082 |
|
|
|a 331.4095492
|2 21
|
| 100 |
1 |
|
|a Khan, Salma.
|9 7173
|
| 245 |
1 |
4 |
|a The fifty percent :
|b women in development and policy in Bangladesh /
|c Salma Khan.
|
| 260 |
|
|
|a Dhaka :
|b University Press,
|c c1988 [second impression 1993].
|
| 300 |
|
|
|a xiv, 152 pages ;
|c 22 cm.
|
| 504 |
|
|
|a Includes bibliographies and index.
|
| 526 |
|
|
|a ESS
BIED
|
| 541 |
|
|
|a Complimentary copy from Professor Dr. Nasreen Khundker
Complimentary copy from BIED
|e 583, 36636, 41786
|
| 650 |
|
0 |
|a Women
|x Employment
|z Bangladesh.
|9 374
|
| 650 |
|
0 |
|a Women in development
|z Bangladesh.
|9 15021
|
| 852 |
|
|
|a Ayesha Abed Library
|c General Stacks
|
| 942 |
|
|
|2 ddc
|c BK
|
| 999 |
|
|
|c 35656
|d 35656
|
| 952 |
|
|
|0 0
|1 0
|2 ddc
|4 0
|6 331_409549200000000_KHA
|7 0
|9 56070
|a SCL
|b SCL
|c GEN
|d 2015-10-03
|g 200.00
|l 0
|o 331.4095492 KHA
|p 3020000583
|r 2015-10-03
|t 1
|w 2015-10-03
|y BK
|
| 952 |
|
|
|0 0
|1 0
|2 ddc
|4 0
|6 331_409549200000000_KHA
|7 0
|9 56094
|a SCL
|b SCL
|c GEN
|d 2015-10-03
|g 200.00
|l 0
|o 331.4095492 KHA
|p 3020000531
|r 2015-10-03
|t 2
|w 2015-10-03
|y BK
|
| 952 |
|
|
|0 0
|1 0
|2 ddc
|4 0
|6 331_409549200000000_KHA
|7 0
|9 67193
|a BRACUL
|b BRACUL
|c GEN
|d 2019-11-19
|e Complimentary copy from Professor Dr. Nasreen Khundker
|l 0
|o 331.4095492 KHA
|p 3010036636
|r 2019-11-19
|t 3
|w 2019-11-19
|y BK
|
| 952 |
|
|
|0 0
|1 0
|2 ddc
|4 0
|6 331_409549200000000_KHA
|7 0
|9 74497
|a BRACUL
|b BRACUL
|c GEN
|d 2019-11-19
|e Complimentary copy from BIED
|l 0
|o 331.4095492 KHA
|p 3010041786
|r 2023-10-02
|t 4
|w 2023-10-02
|y BK
|x Transferred from BIED to General Stacks
|